Desarrollo del análisis económico (Registro nro. 4886)

Detalles MARC
000 -LEADER
fixed length control field 02371 a2200253 4500
001 - CONTROL NUMBER
control field 49815
005 - DATE AND TIME OF LATEST TRANSACTION
control field 20260407155759.0
008 - FIXED-LENGTH DATA ELEMENTS--GENERAL INFORMATION
fixed length control field 260407a1995 arg spa d
003 - CONTROL NUMBER IDENTIFIER
control field AR-UNSa-BCEJYS
040 ## - CATALOGING SOURCE
Original cataloging agency AR-UNSa-BCEJYS
Language of cataloging spa
Transcribing agency AR-UNSa-BCEJYS
080 ## - UNIVERSAL DECIMAL CLASSIFICATION NUMBER
Universal Decimal Classification number 330.34
Common auxiliary subdivision Desarrollo Económico
020 ## - INTERNATIONAL STANDARD BOOK NUMBER
International Standard Book Number 84-8086-176-3
041 ## - LANGUAGE CODE
Language code of text/sound track or separate title spa
100 1# - MAIN ENTRY--PERSONAL NAME
Personal name Rima, Ingrid Hahne
245 10 - TITLE STATEMENT
Title Desarrollo del análisis económico
264 #1 - PRODUCTION, PUBLICATION, DISTRIBUTION, MANUFACTURE, AND COPYRIGHT NOTICE
Place of production, publication, distribution, manufacture Barcelona :
Name of producer, publisher, distributor, manufacturer Irwin
Date of production, publication, distribution, manufacture, or copyright notice 1995
300 ## - PHYSICAL DESCRIPTION
Extent xvi, 616 p.
Dimensions 23 cm.
505 ## - FORMATTED CONTENTS NOTE
Formatted contents note PARTE I: Economía preclásica: 1. Las obras maestras de la antigüedad como fuentes del pensamiento económico - 2. Los orígenes de la economía analítica - 3. La transición a la economía clásica -- PARTE II: La economía clásica: 4. La fisiocracia: El comienzo de la economía analítica - 5. Adam Smith: de la Filosofía moral a la economía política - 6. La economía política del comportamiento de la población y de la demanda agregada - 7. Análisis económico de las participaciones distributivas - 8. El clasicismo madura - 9. Revisión de la teoría clásica -- PARTE III: Los críticos del clasicismo: 10. Una investigación sobre la “ley del movimiento” del sistema capitalista - 11. Los precursores del marginalismo - 12. La primera generación de marginalistas: Jevons, Walras y Menger - 13. La segunda generación de marginalistas -- PARTE IV: La tradición neoclásica, 1890-1945: 14. Alfred Marshall y la tradición neoclásica - 15. La nueva teoría del bienestar y del comportamiento del consumidor - 16. Chamberlain, Robinson y otros teóricos del precio - 17. Los teóricos neoclásicos monetarios y del ciclo de negocios -- PARTE V: La disidencia del neoclasicismo, 1890-1945: 18. La disidencia de los institucionalistas estadounidenses - 19. Socialismo sin marxismo - 20. La economía de menos del pleno empleo de J. M. Keynes -- PARTE VI: Mas allá de la alta teoría: 21. El surgimiento de la econometría como disciplina hermana de la economía - 22. Los Keynesianos, neo-walrasianos y monetarias - 23. La tradición de Chicago - 24. Algunas controversias modernas.
590 ## - LOCAL NOTE (RLIN)
Local note niveau_biblio:m niveau_hierar:0
700 1# - ADDED ENTRY--PERSONAL NAME
Personal name Mondragón Ramírez, Alejandro
700 1# - ADDED ENTRY--PERSONAL NAME
Personal name McCadden, Carlos
856 41 - ELECTRONIC LOCATION AND ACCESS
Uniform Resource Identifier <a href="https://www.biblioeco.unsa.edu.ar/pmb/images/libros/L128187.jpg">https://www.biblioeco.unsa.edu.ar/pmb/images/libros/L128187.jpg</a>
Link text Imagen de portada
Electronic format type image/jpeg
942 ## - ADDED ENTRY ELEMENTS (KOHA)
Koha item type
Existencias
Withdrawn status Lost status Damaged status Not for loan Home library Current library Shelving location Date acquired Total checkouts Full call number Barcode Date last seen Price effective from Koha item type
        Biblioteca Prof. Eusebio Cleto del Rey Biblioteca Prof. Eusebio Cleto del Rey   07/04/2026   330.34 R575 L128187 07/04/2026 07/04/2026 Libro